Defensa de la mística ciudad de Dios, de la venerable madre Sor María de Jesús Agreda, ...

Detalles Bibliográficos
Autor principal: ARRILLAS, Basilio
Formato: Libro
Publicado: México 1844
Materias:
Colección:Banco de datos
Acervo:Biblioteca del Ex Convento de Nuestra Señora de Guadalupe. Zacatecas
Tema general:Apologética
Notas:Buena. XVII,8,3 (5490). Dos ex libris. Encuadernado con otra obra
LEADER 00765nam a22001930004500
035 |a 43986 
036 |a 5170 
100 1 |a ARRILLAS, Basilio 
245 1 0 |a Defensa de la mística ciudad de Dios, de la venerable madre Sor María de Jesús Agreda, ... 
260 |a México  |b Imprenta de Vicente García Torres  |c 1844 
500 |a Buena. XVII,8,3 (5490). Dos ex libris. Encuadernado con otra obra 
650 1 0 |a Apologética 
949 |a CRZ-CG 
959 |a Ex convento de Nuestra Señora de Guadalupe, Museo Regional de Zacatecas, Zacatecas  |b CCC4 
960 |a Convento de Nuestra Señora de Guadalupe, Zacatecas  |b DD87 
961 |a Franciscana  |b OF 
942 |c CRZ-CG 
943 |g Biblioteca del Ex Convento de Nuestra Señora de Guadalupe. Zacatecas 
999 |c 968113  |d 968113